It looks like you're offline.
Open Library logo
additional options menu

MARC record from Internet Archive

LEADER: 01804cam 2200469Ia 4500
001 ocm12905425
003 OCoLC
005 20101206101206.0
008 851213t19851982ilua b 001 0 eng d
010 $z 82002712
040 $aMNO$cMNO$dOCL$dEL$$dOCLCQ$dBAKER$dYDXCP$dDEBSZ$dZWZ
020 $a0226555526 (pbk.)
020 $a9780226555522 (pbk.)
035 $a(OCoLC)12905425
043 $an-us---
050 0 $aE185.61
082 0 $a323.1'196'073
082 0 $a305.896073
082 04 $a305.8/96072$219
100 1 $aMcAdam, Doug.
245 10 $aPolitical process and the development of Black insurgency, 1930-1970 /$cDoug McAdam.
250 $aPbk. ed.
260 $aChicago :$bUniversity of Chicago Press,$c1985, c1982.
300 $aviii, 304 p. :$bill. ;$c23 cm.
504 $aIncludes bibliographical references (p. 275-290) and index.
650 0 $aAfrican Americans$xPolitics and government.
650 0 $aAfrican Americans$xCivil rights.
651 0 $aUnited States$xRace relations.
650 4 $aAfro americanos$xDerechos civiles.
651 4 $aEE. UU.$xRelaciones raciales.
650 7 $aNoirs américains$xPolitique et gouvernement.$2ram
650 7 $aNoirs américains$y1877-1964.$2ram
650 7 $aNoirs américains$xHistoire$y1964-....$2ram
938 $aBaker & Taylor$bBKTY$c21.00$d21.00$i0226555526$n0000966657$sactive
938 $aYBP Library Services$bYANK$n131998
952 $a12905425$zMNO$bSAINT OLAF COL$hFull OCLC member$iLCC$kDDC$u20101204
952 $a236769652$zHLS$bHARVARD UNIV, HARVARD COL LIBR$hFull batch$u20100718
952 $a242308708$zHLS$bHARVARD UNIV, HARVARD COL LIBR$hFull batch$iLCC$u20100713
029 1 $aNLGGC$b06536113X
029 1 $aZWZ$b028411552
994 $aZ0$bPMR
948 $hNO HOLDINGS IN PMR - 80 OTHER HOLDINGS